000 00438nam a2200145Ia 4500
008 230917s9999||||xx |||||||||||||| ||und||
040 _e174196
_aMAIN
041 _aEnglish
082 _a891.437731 CO396K
100 _aचतुर्वेदी, ओंकारनाथ
245 0 _aकबिरा आप ठगाइये
260 _aजयपुर
_bसाहित्यागार
_c1995
300 _a128 p.
942 _cHN
999 _c96587
_d96587